000 00957nmc a2200337 a 4500
003 AR-BaBNM
005 20251128202741.0
008 157019s1992 ||||||||||||||000 | spa||
020 _a84-7100-237-X
040 _cAR-BaBNM
100 1 _aBernabeu Albert, Salvador
245 1 0 _aEl Pacífico ilustrado
_bdel lago español a las grandes expediciones
250 _a1ª ed.
260 _aMadrid
_bMapfre
_c1992
300 _a312 p.
_bmapas, il.
490 0 _aMar y américa
_vv. 4
504 _aBibliografía para consultar p. 289-293.
650 4 _aNAVEGACION MARITIMA
650 4 _aTRANSPORTE MARITIMO
650 4 _aHISTORIA POLITICA
650 4 _aHISTORIA MILITAR
650 4 _aHISTORIA ECONOMICA
650 4 _aCOMERCIO
650 4 _aMARES
650 4 _aBUQUES
651 4 _aOcéano Pacífico
800 1 _aGallego, José Andrés
_ecoordinador
800 1 _aBordejé Morencós, Fernando de
_edirector
942 _cBK
998 _cmariana
999 _c396
_d396